|
|
|
|
| LEADER |
00000nab a2200000 a 4500 |
| 001 |
vtls000761324 |
| 003 |
SK-MaSNL |
| 005 |
20260304214055.0 |
| 008 |
141112c1997 xo 0 slo |
| 015 |
|
|
|a SNBRB2001/07-20525
|
| 035 |
|
|
|a CLN000113111
|
| 040 |
|
|
|a SNKBUCL
|b slo
|c SNKBUCL
|e AACR2
|
| 041 |
0 |
|
|a slo
|
| 044 |
|
|
|a xo
|c SK
|
| 080 |
|
|
|a 616-097-008.64-074:616.988
|2 1997
|
| 080 |
|
|
|a 616.988
|2 1997
|
| 100 |
1 |
|
|a Valkovičová Staneková, Danica,
|d 1959-
|4 aut
|9 262522
|
| 245 |
1 |
0 |
|a Diagnostika infekcie HIV - úloha PCR
|c D. Staneková, M. Habeková
|
| 246 |
1 |
1 |
|a Diagnostics of the HIV Infection - role of the PCR
|
| 300 |
|
|
|b Tab.
|
| 504 |
|
|
|a Res. angl., slov.
|
| 650 |
0 |
7 |
|a HIV (infekcia)
|2 snkbucl
|9 684
|
| 650 |
0 |
7 |
|a protilátky HIV
|2 snkbucl
|9 1113746
|
| 650 |
0 |
7 |
|a polymerázová reťazová reakcia
|2 snkbucl
|9 70049
|
| 650 |
0 |
7 |
|a Amplicor (diagnostická súprava)
|2 snkbucl
|9 1547558
|
| 650 |
0 |
7 |
|a súpravy reagenčné diagnostické
|x využitie
|2 snkbucl
|9 1427940
|
| 650 |
0 |
7 |
|a amplifikácia génová
|2 snkbucl
|9 1445337
|
| 650 |
0 |
7 |
|a polymerázová reťazová reakcia
|x krv
|2 snkbucl
|9 1547559
|
| 650 |
0 |
7 |
|a HIV infekcie
|x diagnóza
|2 snkbucl
|9 1547560
|
| 655 |
|
7 |
|a články z novín a časopisov
|2 snkbucl
|9 267496
|
| 700 |
1 |
|
|a Hábeková, Monika
|4 aut
|9 26049
|
| 773 |
0 |
|
|t Diagnóza
|g Č. 4 (1997), s. 114-115
|x 1335-0943
|
| 850 |
|
|
|a Slovenská národná knižnica v Martine
|
| 852 |
|
|
|a SNK
|b KIS3GCP
|
| 958 |
|
|
|a MI
|
| 999 |
|
|
|c 3139313
|d 3141243
|